Central Library OPAC University of Rajshahi

Gabriel's wing : (Record no. 31117)

MARC details
000 -LEADER
fixed length control field 00935cam a2200277 4500
001 - CONTROL NUMBER
control field 31117
003 - CONTROL NUMBER IDENTIFIER
rucl marc code BD-RjUL
005 - DATE AND TIME OF LATEST TRANSACTION
control field 20211209051649.0
008 - FIXED-LENGTH DATA ELEMENTS--GENERAL INFORMATION
fixed length control field 140413s1963 ne b 000 0 eng
035 ## - SYSTEM CONTROL NUMBER
System control number (BD-RjUL)31204
-- OCLC ocm00382757 from D961009M
040 ## - CATALOGING SOURCE
Original cataloging agency DLC
Transcribing agency WSU
Modifying agency OCL
-- SER
-- EQO
-- BD-RjUL
Language of cataloging eng
041 ## - LANGUAGE CODE
Language code of text/sound track or separate title eng
082 00 - DEWEY DECIMAL CLASSIFICATION NUMBER
Classification number 181.4
Author mark and year SCG 1963
100 1# - MAIN ENTRY--PERSONAL NAME
Personal name Schimmel, Annemarie,
Dates associated with a name 1922-2003.
9 (RLIN) 94634
245 10 - TITLE STATEMENT
Title Gabriel's wing :
Remainder of title a study into the religious ideas of Sir Muhammad Iqbal /
Statement of responsibility, etc. Annemarie Schimmel.
260 ## - PUBLICATION, DISTRIBUTION, ETC. (IMPRINT)
Place of publication, distribution, etc. Leiden :
Name of publisher, distributor, etc. E. J. Brill,
Date of publication, distribution, etc. 1963.
300 ## - PHYSICAL DESCRIPTION
Pagination ix, 428 p. ;
Size 25 cm.
490 1# - SERIES STATEMENT
Series statement Studies in the history of religions ;
Volume/sequential designation 6
504 ## - BIBLIOGRAPHY, ETC. NOTE
Bibliography, etc Bibliography: p. [388]-414 - Includes index.
600 10 - SUBJECT ADDED ENTRY--PERSONAL NAME
Personal name Iqbal, Muhammad,
Titles and other words associated with a name Sir,
Dates associated with a name 1877-1938.
830 #0 - SERIES ADDED ENTRY--UNIFORM TITLE
Volume number/sequential designation 6
Uniform title Studies in the history of religions ;
942 ## - ADDED ENTRY ELEMENTS (KOHA)
Source of classification or shelving scheme Dewey Decimal Classification
Koha item type Books
Holdings
Lost status Source of classification or shelving scheme Damaged status Not for loan Collection code Permanent Location Current Location Shelving location Date acquired Source of acquisition Cost, normal purchase price Total Checkouts Full call number Date last seen Copy number Koha item type
  Dewey Decimal Classification   Not For Loan Non-fiction Central Library, University of Rajshahi Central Library, University of Rajshahi Reading Room 22/08/1973 Nowroze Kitabistan. 81.00   181.4 SCG 1963 13/04/2014 C-1 Books